| 000 | 00860nam a2200253 a 4500 | ||
|---|---|---|---|
| 005 | 20180803164853.0 | ||
| 008 | 140225b1996 cl ||||| |||| 00| 0 spa d | ||
| 040 |
_aCO-BoIAVH _cCO-BoIAVH |
||
| 041 | _aspa | ||
| 044 | _acl | ||
| 090 |
_aLB _b01058 |
||
| 100 |
_aClaro, Edmundo _910622 |
||
| 111 |
_aTaller sobre valoración económica de la diversidad biológica _cSantiago de Chile _d1996 _945009 |
||
| 245 |
_aInformes técnicos del taller regional _bvaloración económica de la diversidad biológica en América Latina y el Caribe |
||
| 260 |
_aSantiago de Chile _bNature _bCEPAL _bPNUMA _c1996 |
||
| 300 | _a185 p. | ||
| 650 |
_aValoración económica _94196 |
||
| 650 |
_aBiodiversidad _992204 |
||
| 662 | _cAmérica Latina | ||
| 662 | _cIslas del Caribe | ||
| 700 |
_aFilion, Fern _910625 |
||
| 700 |
_aMuñoz, Consuelo _910626 |
||
| 942 |
_cINFORME _2z |
||
| 999 |
_c1069 _d1069 |
||